Árboles de los bosques de las estribaciones orientales de la cuenca del río Paute /

Detalles Bibliográficos
Autores principales: Minga Ochoa, Danilo (Autor), Guzmán, Nubia (Autor), Jiménez, Mayra (Autor)
Formato: Electrónico eBook
Lenguaje:español
Publicado: Cuenca, Ecuador : Universidad del Azuay, Casa Editora, [2019]
Colección:Natura (Universidad del Azuay, Casa Editora)
Materias:
Acceso en línea:Digitalia Hispánica

MARC

LEADER 00000nam a2200000 i 4500
001 DIGUAZUAY0063
003 NyNyDIG
007 cr |||||||||||
008 251203s2019 ec abo ob 000 0 spa d
006 m o d
035 |a (OCoLC)1564457286 
040 |a DGITA  |b eng  |e rda  |e pn  |c DGITA 
020 |a 9789942822277  |q eBook 
020 |z 9789942822253 
043 |a s-ec--- 
050 1 4 |a QK266 ebook 
100 1 |a Minga Ochoa, Danilo,  |e author. 
245 1 0 |a Árboles de los bosques de las estribaciones orientales de la cuenca del río Paute /  |c Danilo Minga, Nubia Guzmán y Mayra Jiménez. 
264 1 |a Cuenca, Ecuador :  |b Universidad del Azuay, Casa Editora,  |c [2019] 
300 |a 1 online resource :  |b illustrations, photographs, maps. 
336 |a text  |b txt  |2 rdacontent 
337 |a computer  |b c  |2 rdamedia 
338 |a online resource  |b cr  |2 rdacarrier 
347 |a text file  |2 rdaft 
347 |b PDF 
490 1 |a Natura  
504 |a Includes bibliographical references. 
588 0 |a Online resource; title from PDF title page (Digitalia, viewed December 3, 2025) 
650 0 |a Plants  |z Ecuador  |z Paute (Canton) 
650 0 |a Trees  |z Ecuador  |z Paute (Canton) 
700 1 |a Guzmán, Nubia,  |e author. 
700 1 |a Jiménez, Mayra,  |e author. 
791 2 |a Digitalia (Firm),  |e distributor. 
793 0 |g Digitalia eBook Collection:  |a Universidad del Azuay 
776 0 8 |i Print version:  |a Minga Ochoa, Danilo.  |t Árboles de los bosques de las estribaciones orientales de la cuenca del río Paute.  |d Cuenca, Ecuador : Universidad del Azuay, Casa Editora, [2019]  |z 9789942822253 
830 0 |a Natura (Universidad del Azuay, Casa Editora) 
856 4 0 |3 Digitalia Hispánica  |u https://www.digitaliapublishing.com/a/133446/ 
910 |a Premium collection: 2025